LEADER 01022nam a22002291i 4500 001 991000284199707536 008 040920s2003 it ita 035 $ab1320015x-39ule_inst 040 $aSet. Economia$bita$cA.t.i. Arché s.c.r.l. Pandora Sicilia s.r.l. 082 04$a657.72 100 1 $aFacchinetti, Imerio$0115391 245 10$aGestione e contabilità del magazzino :$bguida alla gestione delle scorte e alla tenuta della contabilità gestionale e fiscale di magazzino : casi pratici /$cImerio Facchinetti 250 $a2. ed 260 $aMilano :$bIl Sole-24 Ore,$c2003 300 $aXIV, 425 p. ;$c24 cm 650 4$aAziende$xContabilità di magazzino 907 $a.b1320015x$b27-02-19$c23-09-04 912 $a991000284199707536 945 $aLE025 ECO 657.7 FAC01.01$g1$i2025000181076$lle025$nCatalogato 2019$o-$pE0.00$q-$rl$s- $t0$u17$v13$w17$x0$y.i13854343$z23-09-04 996 $aGestione e contabilità del magazzino$9882535 997 $aUNISALENTO 998 $ale025$b23-09-04$cm$da $e-$fita$git $h0$i1 LEADER 01424nam 2200457 450 001 9910798872903321 005 20230725063616.0 010 $a90-8890-676-9 010 $a90-8890-342-5 035 $a(CKB)3710000000943877 035 $a(MiAaPQ)EBC4769730 035 $a(EXLCZ)993710000000943877 100 $a20170103h20112011 uy 0 101 0 $adut 135 $aurcnu|||||||| 181 $2rdacontent 182 $2rdamedia 183 $2rdacarrier 200 10$aEeuwige rust op de Donderberg $eeen groot vroegmiddeleeuws grafveld bij Rhenen /$fBert Huiskes ; met medewerking van Jan van Doesburg, Ineke Joosten & Annette Wagner ; onder redactie van Annemarieke Willemsen 210 1$aLeiden, [The Netherlands] :$cSidestone Press,$d2011. 210 4$d©2011 215 $a1 online resource (108 pages) $ccolor illustrations 225 0 $aQuadrant ;$vNumber 3 311 $a90-8890-082-5 606 $aCemeteries 606 $aCemeteries$zNetherlands 615 0$aCemeteries. 615 0$aCemeteries 676 $a363.75 700 $aHuiskes$b Bert$01550159 702 $aDoesburg$b Jan van 702 $aJoosten$b Ineke 702 $aWagner$b Annette 702 $aWillemsen$b A$g(Annemarieke), 801 0$bMiAaPQ 801 1$bMiAaPQ 801 2$bMiAaPQ 906 $aBOOK 912 $a9910798872903321 996 $aEeuwige rust op de Donderberg$93808778 997 $aUNINA LEADER 04405oam 2200673 c 450 001 9911026022803321 005 20260302090207.0 010 $a9783374073054 010 $a3374073050 024 3 $a9783374073054 035 $a(MiAaPQ)EBC7265498 035 $a(Au-PeEL)EBL7265498 035 $a(Perlego)4243219 035 $a(CKB)27234877800041 035 $a(Evangelische Verlagsanstalt)9783374073054 035 $a(EXLCZ)9927234877800041 100 $a20260302d2023 uy 0 101 0 $aeng 135 $aurcnu|||||||| 181 $ctxt$2rdacontent 182 $cc$2rdamedia 183 $acr$2rdacarrier 200 04$aThe Impact of Health Care$eon Character Formation, Ethical Education, and the Communication of Values in Late Modern Pluralistic Societies$fMichael Welker, Eva Winkler, John Witte Jr., Stephen Pickard 205 $a1st ed. 210 $aLeipzig$cEvangelische Verlagsanstalt$d2023 215 $a1 online resource (205 pages) 311 08$aPrint version: Welker, Michael The Impact of Health Care Leipzig : Evangelische Verlagsanstalt,c2023 9783374073047 327 $aFrontmatter -- Cover -- Titel -- Impressum -- Table of Contents -- Acknowledgments -- Preface to the Series -- Introduction -- Part One: Medical Ethics Between Medicine and Economy -- Time for a New Oath? The Role of the Individual Physician's Ethos and Institutional Ethics in the Face of Economization of the Health-Care System -- Mercy under Conditions of Scarcity and the Need for Organization -- or, Where Is the Humane Ethos Located in the Health-Care System? An Outline of the Problem -- Ethical Tensions in the Medical Treatment of Elderly Patients in Geriatrics and Geriatric Psychiatry -- Part Two: Ethical Impacts of Advancing Medical Research and Techniques -- The Impact of Advances in Stem Cell and Genome Research on Ethical Decision-Making -- The Acceptance of Genetic Technologies by Individuals, Societies, and Health-Care Systems -- Ethical Discourse on Epigenetics and Genome Editing: The Risk of (Epi!)Genetic Determinism and Scientifically Controversial Basic Assumptions -- The Impact of Advances in Surgical Techniques and Quality-of-Life Considerations on Ethical Decision-Making and Education in Neurosurgery -- Part Three: Digital Medicine and Ethical Decisions -- Ethical Aspects of Digital Transformation in Medicine and Health Care -- Family Decision-Making in Times of Genomic Newborn Screening -- Part Four: Health Care: History, Education, Practice -- On the History of the Nursing Ethos in Germany -- Health-Care Chaplains and Medical Ethics: Clinical and Educational Experiences -- Medical Anthropology and Theology on Human Destiny -- Psychotherapy, Personality, and the Role of Values -- Backmatter -- Contributors. 330 $aPluralism has become the defining characteristic of many modern societies. Not only a plurality of individual and social claims and activities gain impacts on societal life. A creative pluralism of institutions and their norms profoundly shape our moral commitments and character ? notably the family, the market, the media, and systems of law, religion, politics, research, education, health care, and defense. In the theoretical, empirical, and historical contributions to this volume, specialists on medicine, medical ethics, psychology, theology and health care discuss the many challenges that major transformations in their areas of expertise pose to the communication and orientation in late modern pluralistic societies. Contributors come from Germany, the USA and Australia. 606 $aEthics 606 $aMorality 606 $aTheology 606 $aAcademic Disciplines 606 $aBiblical Studies 606 $aValues 606 $aScience 606 $aHospitals 606 $aHealth System 615 4$aEthics 615 4$aMorality 615 4$aTheology 615 4$aAcademic Disciplines 615 4$aBiblical Studies 615 4$aValues 615 4$aScience 615 4$aHospitals 615 4$aHealth System 676 $a658 702 $aWelker$b Michael$4edt 702 $aWinkler$b Eva$4edt 702 $aWitte Jr$b John$4edt 702 $aPickard$b Stephen$4edt 801 0$bMiAaPQ 801 1$bMiAaPQ 801 2$bMiAaPQ 906 $aBOOK 912 $a9911026022803321 996 $aThe Impact of Health Care$94434215 997 $aUNINA